Anuario estadístico de la producción agrícola : campaña ... / Ministerio de Agricultura, Dirección General de Agricultura, Sección 1ª Estadística Agrícola campaña ... / Ministerio de Agricultura, Dirección General de Agricultura, Sección 1ª Estadística Agrícola
Publicado:
[Madrid] :
Publicaciones del Servicio de Estadística, Secretaría General Técnica, DL 1961
Descripción Física:
2 v. ; 24 cm
Materias:
Agricultura -- Espanya -- Estadístiques
MARC
| LEADER | 00000nam a2200000Ia 4500 | ||
|---|---|---|---|
| 001 | 14439, 14440 | ||
| 008 | 160829s9999 xx 000 0 cat d | ||
| 080 | |a C-2-257, C-2-258 | ||
| 245 | |a Anuario estadístico de la producción agrícola : |b campaña ... / Ministerio de Agricultura, Dirección General de Agricultura, Sección 1ª Estadística Agrícola | ||
| 260 | |a [Madrid] : |b Publicaciones del Servicio de Estadística, Secretaría General Técnica, DL 1961 | ||
| 300 | |a 2 v. ; |c 24 cm | ||
| 650 | |a Agricultura |x Espanya |x Estadístiques |9 27601 | ||
| 700 | |a Espanya. Ministerio de Agricultura. Sección 1a Estadística Agrícola |9 27602 | ||
| 866 | |a 1960-61, 1963-64 | ||
| 901 | |a Arxiu | ||
| 942 | |n 1 | ||
| 952 | |0 0 |1 0 |4 0 |6 C2257_C2258 |7 1 |9 44465 |a Arxiu |b Arxiu |d 2016-12-01 |l 0 |o C-2-257, C-2-258 |p 14439, 14440 |r 2016-12-01 00:00:00 |w 2016-12-01 |y ARXIU | ||
| 999 | |c 47046 |d 47046 | ||